1972 1986 1948 1726 1690 1410 1618 1881 1122 1211 1522 1497 1205 1953 1611 1144 1218 1520 1284 1560 1051 1907 1185 1649 1287 1993 1556 1755 1702 1413 1214 1897 1687 1599 1662 1947 1129 1384 1640 1622 1894 1737 1104 1210 1198 1119 1180 1846 1433 1840 1604 1809 1639 1047 1225 1207 1284 1568 1435 1194 1401 1046 1331 1449 1337 1859 1075 1675 1859 1995 1392 1202 1144 1064 1547 1212 1573 1530 1151 1668 1268 1430 1192 1057 1827 1134 1252 1896 1105 1977 1219 1601 1448 1696 1110 1087 1890 1721 1622 BCNSPRNW ULIB Ver.6.0+V

เปลี่ยนเป็นภาษาไทย

Change to English
 แสดงรายละเอียดบรรณานุกรม
  กลับหน้าหลัก

Brief Record : Get Marc (ISO 2709) : E-mail record : QR code < ปิดหน้าต่าง
LEADER : 00000nam 2200000uu 4500
001    13399128862
003     ULIB
008    241021s2565||||th 000 0 tha d
020    ^a9789749747759
050    ^aนว^bท471ท
100    ^aทิพย์ นาถสุภา
245    ^aทิพยนิมิต/^cทิพย์ นาถสุภา
260    ^aกรุงเทพฯ :^bชนนิยม,^c2565
300    ^a143 หน้า;^b21 ซม.
650    ^aวรรณคดีสันสกฤต
945    ^p350^l0^i011121
999    ^aประนอม เกษจรัล
รายการนี้ยังไม่มีแท็ก
คุณยังไม่ได้ล็อกอิน คุณสามารถมีกิจกรรมร่วมกับเว็บไซต์ได้ แต่ต้องล็อกอินก่อน ::
  ล็อกอิน

รายการสื่อสารสนเทศ

ลำดับที่ ประเภท เลขเรียก/บาร์โค้ด สถานที่ สถานะ
1. นวนิยาย
นวนิยาย
นว ท471ท ฉ.1 
  Barcode: 011121
ห้องสมุดวิทยาเขตสวรรค์ประชารักษ์
►นวนิยาย
บนชั้น
  ขอยืม

รายการใกล้เคียง
    ผู้แต่ง [ทิพย์ นาถสุภา]

    หัวเรื่อง [วรรณคดีสันสกฤต]

BibComment


ยังไม่เคยถูกคอมเมนท์

คอมเมนท์ทรัพยากรรายการนี้
  คอมเมนท์: ทิพยนิมิต ทิพย์ ..


 Copyright 2026. Bcnsprnw @Library